Ejecución hipotecaria (Registro nro. 1612)

Detalles MARC
000 -LEADER
fixed length control field 00985 a2200229 4500
001 - CONTROL NUMBER
control field 27637
005 - DATE AND TIME OF LATEST TRANSACTION
control field 20260407155550.0
008 - FIXED-LENGTH DATA ELEMENTS--GENERAL INFORMATION
fixed length control field 260407a1999 arg spa d
003 - CONTROL NUMBER IDENTIFIER
control field AR-UNSa-BCEJYS
040 ## - CATALOGING SOURCE
Original cataloging agency AR-UNSa-BCEJYS
Language of cataloging spa
Transcribing agency AR-UNSa-BCEJYS
080 ## - UNIVERSAL DECIMAL CLASSIFICATION NUMBER
Universal Decimal Classification number 347.952.1
Common auxiliary subdivision Ejecución sobre los bienes muebles. Incautación, embargo
020 ## - INTERNATIONAL STANDARD BOOK NUMBER
International Standard Book Number 950-20-1219-4
041 ## - LANGUAGE CODE
Language code of text/sound track or separate title spa
100 1# - MAIN ENTRY--PERSONAL NAME
Personal name Abrevaya, Alejandra Débora
245 10 - TITLE STATEMENT
Title Ejecución hipotecaria
264 #1 - PRODUCTION, PUBLICATION, DISTRIBUTION, MANUFACTURE, AND COPYRIGHT NOTICE
Place of production, publication, distribution, manufacture Buenos Aires :
Name of producer, publisher, distributor, manufacturer Abeledo Perrot
Date of production, publication, distribution, manufacture, or copyright notice 1999
300 ## - PHYSICAL DESCRIPTION
Extent 311 p.
Dimensions 23 cm.
505 ## - FORMATTED CONTENTS NOTE
Formatted contents note 1. Introducción. Panorama actual - 2. Régimen de la hipoteca en el Código Civil - 3. Ejecución Judicial de la hipoteca - 4. Excepciones admisibles - 5. Ejecución contra el tercer poseedor - 6. Cumplimiento de la sentencia de remate - 7. Ejecución extrajudicial
590 ## - LOCAL NOTE (RLIN)
Local note niveau_biblio:m niveau_hierar:0
856 41 - ELECTRONIC LOCATION AND ACCESS
Uniform Resource Identifier <a href="https://170.210.207.44/pmb/images/libros/L119975.jpg">https://170.210.207.44/pmb/images/libros/L119975.jpg</a>
Link text Imagen de portada
Electronic format type image/jpeg
942 ## - ADDED ENTRY ELEMENTS (KOHA)
Koha item type
Existencias
Withdrawn status Lost status Damaged status Not for loan Home library Current library Shelving location Date acquired Total checkouts Full call number Barcode Date last seen Price effective from Koha item type
        Biblioteca Prof. Eusebio Cleto del Rey Biblioteca Prof. Eusebio Cleto del Rey   07/04/2026   347.952.1 A162 L119975 07/04/2026 07/04/2026 Libro